El antiguo Palacio Episcopal de Santiago de Compostela (Record no. 88436)
[ view plain ]
| 000 -LEADER | |
|---|---|
| campo de control de longitud fija | 01047nam a2200229 i 4500 |
| 001 - NÚMERO DE CONTROL | |
| campo de control | 88436 |
| 003 - IDENTIFICADOR DE NÚMERO DE CONTROL | |
| campo de control | ES-MaACL |
| 005 - FECHA Y HORA DE LA ÚLTIMA TRANSACCIÓN | |
| campo de control | 20251003063113.0 |
| 007 - CAMPO FIJO DE DESCRIPCIÓN FÍSICA--INFORMACIÓN GENERAL | |
| campo de control de longitud fija | t| |
| 008 - DATOS DE LONGITUD FIJA--INFORMACIÓN GENERAL | |
| campo de control de longitud fija | 050104s1913 sp af |||| | spa d |
| 100 1# - ENTRADA PRINCIPAL--NOMBRE DE PERSONA | |
| Nombre de persona | Lampérez y Romea, Vicente, |
| Fechas asociadas al nombre | 1861-1923 |
| 9 (RLIN) | 128639 |
| 245 13 - MENCIÓN DEL TÍTULO | |
| Título | El antiguo Palacio Episcopal de Santiago de Compostela |
| Resto del título | : papeleta para una "Historia de la arquitectura civil española" / |
| Mención de responsabilidad, etc. | Vicente Lampérez y Romea ; ilustrado con 8 láminas en fototipia. |
| 260 ## - PUBLICACIÓN, DISTRIBUCIÓN, ETC. | |
| Lugar de publicación, distribución, etc. | Madrid : |
| Nombre del editor, distribuidor, etc. | Fototipia de Hauser y Menet, |
| Fecha de publicación, distribución, etc. | 1913 ( |
| Fabricante | Imp. de San Francisco de Sales) |
| 300 ## - DESCRIPCIÓN FÍSICA | |
| Extensión | 20 p., [8] h. de lám. : |
| Otras características físicas | il., planos ; |
| Dimensiones | 28 cm. |
| 530 ## - NOTA DISPONIBLE DE FORMULARIO FÍSICO ADICIONAL | |
| Nota de formato físico adicional disponible | Disponible en formato digital. |
| 610 24 - PUNTO DE ACCESO ADICIONAL DE MATERIA--NOMBRE DE ENTIDAD CORPORATIVA | |
| Nombre de entidad corporativa o nombre de jurisdicción como elemento de entrada | Palacio de Gelmírez (Santiago de Compostela) |
| 9 (RLIN) | 169627 |
| 651 #4 - PUNTO DE ACCESO ADICIONAL DE MATERIA--NOMBRE GEOGRÁFICO | |
| Nombre geográfico | Santiago de Compostela- |
| Subdivisión general | Edificios, estructuras, etc. |
| 9 (RLIN) | 169628 |
| 710 2# - ENTRADA AGREGADA--NOMBRE DE ENTIDAD CORPORATIVA | |
| Nombre de entidad corporativa o nombre de jurisdicción como elemento de entrada | Hauser y Menet (Madrid) |
| 9 (RLIN) | 4558 |
| 852 ## - LOCALIZACIÓN | |
| Ubicación | ES-MaACL |
| Número de control de estantería | T-1399-F-11 |
| 856 ## - LOCALIZACIÓN Y ACCESO ELECTRÓNICOS | |
| Identificador Uniforme de Recursos | <a href="http://bdh-rd.bne.es/viewer.vm?id=0000243095&page=1 ">http://bdh-rd.bne.es/viewer.vm?id=0000243095&page=1 </a> |
| Nota pública | Biblioteca Digital Hispánica |
| Estatus retirado | Estado de pérdida | Estado de daño | No para préstamo | Colección | Biblioteca de origen | Biblioteca actual | Ubicación en estantería | Fecha de adquisición | Fuente de adquisición | Total de préstamos | Signatura topográfica completa | Código de barras | Visto por última vez | Precio de reemplazo | Tipo de ítem Koha |
|---|---|---|---|---|---|---|---|---|---|---|---|---|---|---|---|
| Colección de folletos | Biblioteca del Ateneo de Madrid | Biblioteca del Ateneo de Madrid | Depósito folletos | 17/01/2008 | T-1399-F-11 | 1092380 | 23/02/2023 | 23/02/2023 | Folleto |
